000 01132cam a2200313 i 4500
001 25436
003 Mx-PuUPA
005 20251002111128.0
008 140415s2006 vc fr 001 0 eng d
020 _a9788820978792
_qISBN-13
020 _a8820978792
_qISBN-10
040 _cMx-PuUPA
_aMx-PuUPA
_bspa
_dMx-PuUPA
_erda
041 0 _aeng
245 1 4 _aThe organism in interdisciplicary context :
_bproceeding of the STOQ research group on organisms /
_cedited by Pietro Ramellini
264 1 _aVatican City :
_bLibreria Editrice Vaticana,
_c©2006
300 _a165 páginas ;
_c24 cm
336 _2rdacontent
_atexto
_btxt
337 _2rdamedia
_asin medio
_bn
338 _2rdacarrier
_avolumen
_bnc
490 0 _aThe STOQ Project Research Series ;
_v4
650 7 _2armarc
_aBiología
_xFilosofía
650 7 _2armarc
_aVida (Biología)
650 7 _2armarc
_aOrganismos
_xFilosofía
650 7 _2armarc
_aVida (Filosofía)
_xAspectos religiosos de la Iglesia Católica
700 1 _aRamellini, Pietro,
_d1964-
_916270
_eeditor
942 _2ddc
_cLI
_h578
_iR65
999 _c25436
_d25436